[Event "Chefchaouen op 16th"]
[Site "Chefchaouen"]
[Date "2017.07.24"]
[Round "1"]
[White "Fier, Alexandr"]
[Black "Jamari, Mehdi"]
[Result "1-0"]
[WhiteElo "2589"]
[BlackElo "1948"]
[PlyCount "65"]
[EventDate "2017.07.24"]
[EventType "swiss"]
[EventRounds "9"]
[EventCountry "MAR"]
[SourceTitle "EXT 2020"]
[Source "ChessBase"]
[SourceDate "2019.10.17"]
[SourceVersion "1"]
[SourceVersionDate "2019.10.17"]
[SourceQuality "1"]

1. e4 e5 2. Nf3 Nc6 3. d4 exd4 4. Bc4 Nf6 5. e5 d5 6. Bb5 Ne4 7. Nxd4 Bd7 8. Bxc6 bxc6 9. 0-0 Bc5 10. Be3 Bb6 11. f3 Ng5 12. f4 Ne4 13. Nd2 c5 14. N4f3 Nxd2 15. Qxd2 Bf5 16. c3 c6 17. b4 cxb4 18. cxb4 Bxe3+ 19. Qxe3 Qb6 20. Nd4 Bd7 21. f5 0-0-0 22. e6 Be8 23. Rac1 Kb7 24. a4 Rc8 25. a5 Qd8 26. Rc5 g6 27. Rfc1 h5 28. a6+ Ka8 29. Nxc6 Bxc6 30. Rxc6 Rxc6 31. Rxc6 Re8 32. Qc5 Kb8 33. Qb5+ 1-0